Missing Word: Barry Manilow Quiz Stats

 Plays Quiz Updated May 10, 2018

Challenge
Share
Tweet
Embed
Score 0/18 Timer 02:00
0 Plays Today
Song Title Missing Word % Correct
Looks Like We ________ ItMade
94.2%
I ________ The SongsWrite
93.3%
Read Em And ________Weep
87.5%
This One's For ________You
87.4%
Somewhere In The ________Night
76.8%
Ready To Take A ________ AgainChance
74%
Copacabana (At The ________)Copa
71.7%
Somewhere Down The ________Road
68.6%
Tryin' To Get The ________ AgainFeeling
56.5%
Song Title Missing Word % Correct
Could It Be ________Magic
56%
I Made It Through The ________Rain
50.4%
Can't ________ Without YouSmile
49.5%
Even ________Now
49.2%
It's A ________Miracle
40%
________ In New EnglandWeekend
36.3%
The ________ SongsOld
16.7%
Some Kind Of ________Friend
9%
When I ________ YouWanted
8.5%

Today's Daily Dose

You're not logged in!

Compare scores with friends on all Sporcle quizzes.
Join for Free
OR
Log In

You Might Also Like...

Show Comments

Extras

Top Quizzes Today


Score Distribution

Your Account Isn't Verified!

In order to create a playlist on Sporcle, you need to verify the email address you used during registration. Go to your Sporcle Settings to finish the process.

Report this User

Report this user for behavior that violates our Community Guidelines.

Details: